Antipodes (Record no. 91714)

MARC details
000 -LEADER
fixed length control field 01874nam a2200253Ii 4500
008 - FIXED-LENGTH DATA ELEMENTS--GENERAL INFORMATION
fixed length control field 221202s xx 000 0 und d
100 1# - MAIN ENTRY--PERSONAL NAME
Personal name Stallard, Avan Judd,
Relator term author
245 #0 - TITLE STATEMENT
Title Antipodes
246 ## - VARYING FORM OF TITLE
Title proper/short title In Search of the Southern Continent
264 #1 - PRODUCTION, PUBLICATION, DISTRIBUTION, MANUFACTURE, AND COPYRIGHT NOTICE
Place of production, publication, distribution, manufacture Clayton, Victoria, Australia
Name of producer, publisher, distributor, manufacturer Monash University Publishing
Date of production, publication, distribution, manufacture, or copyright notice 2016
300 ## - PHYSICAL DESCRIPTION
Extent 1 online resource
336 ## - CONTENT TYPE
Content type term text
Content type code txt
Source rdacontent
337 ## - MEDIA TYPE
Media type term computer
Media type code c
Source rdamedia
338 ## - CARRIER TYPE
Carrier type term online resource
Carrier type code cr
Source rdacarrier
490 ## - SERIES STATEMENT
Series statement Australian History
520 ## - SUMMARY, ETC.
Summary, etc. This book is a new history of an ancient geography. It reassesses the evidence for why Europeans believed a massive southern continent existed, and why they advocated for its discovery. When ships were equal to ambitions, explorers set out to find and claim Terra Australis. Antipodes charts these voyages-voyages both through the imagination and across the High Seas-in pursuit of the mythical Terra Australis. In doing so, the question is asked: how could so many fail to see the realities they encountered? And how is it a mythical land held the gaze of an era famed for breaking free the shackles of superstition? That Terra Australis did not exist didn't stop explorers pursuing the continent, unwilling to abandon the promise of such a rich and magnificent land till it was stripped of every ounce of value it had ever promised. In the process, the southern continent-an imaginary land-became one of the shaping forces of early modern history. Includes 48 pages of b&w and colour images.
653 ## - INDEX TERM--UNCONTROLLED
Uncontrolled term Ancient Geography
653 ## - INDEX TERM--UNCONTROLLED
Uncontrolled term Antipodes
653 ## - INDEX TERM--UNCONTROLLED
Uncontrolled term Geographical Exploration
653 ## - INDEX TERM--UNCONTROLLED
Uncontrolled term History
653 ## - INDEX TERM--UNCONTROLLED
Uncontrolled term Southern Exploration
856 ## - ELECTRONIC LOCATION AND ACCESS
Uniform Resource Identifier <a href="https://docs.google.com/spreadsheets/d/1yKIrdCPDAG_9c22mwoOIO2DOhtj65Wqa/edit?usp=sharing&ouid=106555315294820607512&rtpof=true&sd=true ">https://docs.google.com/spreadsheets/d/1yKIrdCPDAG_9c22mwoOIO2DOhtj65Wqa/edit?usp=sharing&ouid=106555315294820607512&rtpof=true&sd=true </a>
Link text List of Curated E-Books
942 ## - ADDED ENTRY ELEMENTS (KOHA)
Koha item type E-Book

No items available.

University of Rizal System
Email us at univlibservices@urs.edu.ph

Visit our Website www.urs.edu.ph/library